Science Quiz

Random Science or Astronomy Quiz

Real or Fake Lunar Sea? Quiz Stats

 Plays Quiz not verified by Sporcle

Also try: 'I'-Less Elements
Challenge
Share
Tweet
Embed
Score 0/17 Timer 07:00
0 Plays Today
% Correct
Sea of Tranquility
80.6%
Sea of Serenity
78.1%
Sea of Knowledge
68.9%
Sea of Clouds
66.4%
Sea of Fecundity
65.8%
Sea of Vapors
65.2%
Sea of Waves
61.3%
Sea of Showers
60.4%
Sea of Cold
56.1%
% Correct
Sea of Islands
54.7%
Sea of Alexander von Humboldt
54.4%
Sea of Moisture
53.3%
Sea of Crises
50.4%
Sea of the Edge
50.1%
Sea of Cleverness
49.6%
Sea of Nectar
47.9%
Sea of Muscovy
46.2%

You're not logged in!

Compare scores with friends on all Sporcle quizzes.
OR
Log In

You Might Also Like...

Show Comments

Extras

Top Quizzes Today


Score Distribution

Your Account Isn't Verified!

In order to create a playlist on Sporcle, you need to verify the email address you used during registration. Go to your Sporcle Settings to finish the process.

Report this User

Report this user for behavior that violates our Community Guidelines.

Details: